000 00784nam a2200265Ia 4500
003 OSt
005 20220925235700.0
006 a|||||r|||| 00| 0
007 ta
008 220923b |||||||| |||| 00| 0 eng d
037 _cGeneral Book
040 _aRTL
_cRTL
_beng
041 _2eng
_aeng
082 _aX62:8.2.N8, N0
100 _aSingh M K Ed.
_9301580
245 0 _aBanking sector management
260 _a New Delhi
_bDiscovery Publishing Hounse India
_c1990
300 _axiv,315p
_ccm.
490 _aModaern management series
500 _aBib chapterwise,Appendix p289-315
650 _aBank
700 _a Bhattacharya A Ed.
_9257042
942 _hX62:8.2.N8, N0
_cGB
_2CC
999 _c597698
_d597698